[Event "Bled Olympiad"]
[Site "Bled SLO"]
[Date "2002.11.02"]
[EventDate "2002.10.26"]
[Round "8"]
[Result "1-0"]
[White "Ekrem Cekro"]
[Black "Joseph G Gallagher"]
[WhiteElo "2432"]
[BlackElo "2540"]
[PlyCount "87"]

1. c4 g6 2. Nc3 Bg7 3. g3 d6 4. Bg2 e5 5. e4 Nf6 6. Nge2 O-O
7. d4 Nbd7 8. O-O exd4 9. Nxd4 Re8 10. Re1 a6 11. h3 Rb8
12. Be3 Ne5 13. Qe2 c5 14. Nc2 Be6 15. Na3 Qd7 16. Rad1 Qc7
17. f4 Nc6 18. Qf2 Bd7 19. Nab5 axb5 20. Nxb5 Qa5 21. Nxd6
Bxh3 22. Bxh3 Nxe4 23. Nxe4 Rxe4 24. Bxc5 Rxe1+ 25. Rxe1 Qxa2
26. Bf1 b6 27. Bxb6 h5 28. b4 Qb3 29. Bc5 Nxb4 30. Qe3 Qb2
31. Qf2 Qc3 32. Re3 Qa1 33. Qe1 Qa4 34. Re4 Nc2 35. Qd1 Qb3
36. Bf2 Qc3 37. Qd5 Nb4 38. Qd6 Ra8 39. Qd7 Ra1 40. Re8+ Kh7
41. Qxf7 Qd3 42. Re1 Rxe1 43. Bxe1 Qb1 44. Bc3 1-0

[Event "Bled Olympiad"]
[Site "Bled SLO"]
[Date "2002.11.02"]
[EventDate "2002.10.26"]
[Round "8"]
[Result "0-1"]
[White "Branko Damljanovic"]
[Black "Petr Kostenko"]
[WhiteElo "2550"]
[BlackElo "2501"]
[PlyCount "59"]

1. e4 e5 2. Nf3 Nc6 3. Bb5 a6 4. Ba4 Nf6 5. O-O Bc5 6. Bxc6
dxc6 7. d3 Qe7 8. Nbd2 Bg4 9. Nc4 O-O-O 10. Ncxe5 Bxf3
11. Nxf3 Nxe4 12. Be3 Rhe8 13. Re1 Qf8 14. Qc1 Nf6 15. d4 Bd6
16. c4 c5 17. Qc2 Kb8 18. Rad1 Ng4 19. Qxh7 cxd4 20. Bxd4 Nxh2
21. Nxh2 Rxe1+ 22. Rxe1 Bxh2+ 23. Qxh2 Rxd4 24. b3 f6 25. Qh5
Ka7 26. c5 Qd8 27. Re8 Rd1+ 28. Kh2 Qd4 29. Re3 Rd2 30. Kg3
0-1

[Event "Bled Olympiad"]
[Site "Bled SLO"]
[Date "2002.11.02"]
[EventDate "2002.10.26"]
[Round "8"]
[Result "1/2-1/2"]
[White "Rustem Sadykov"]
[Black "Zlatko Ilincic"]
[WhiteElo "2400"]
[BlackElo "2527"]
[PlyCount "61"]

1. e4 c5 2. Nf3 d6 3. d4 cxd4 4. Nxd4 Nf6 5. Nc3 a6 6. Be3 e6
7. f3 b5 8. g4 h6 9. Qd2 b4 10. Nce2 e5 11. Nf5 d5 12. exd5
Qxd5 13. Bg2 Bb7 14. h3 Nbd7 15. O-O g6 16. Nxh6 Qxd2 17. Bxd2
Rxh6 18. g5 Rh7 19. gxf6 Nxf6 20. Rae1 Bc5+ 21. Kh2 O-O-O
22. Bg5 Be7 23. Nf4 Ng4+ 24. fxg4 Bxg5 25. Bxb7+ Kxb7 26. Rxe5
Rd2+ 27. Kg1 f6 28. Re4 a5 29. Rf2 Rxf2 30. Kxf2 f5 31. Rc4
1/2-1/2

[Event "Bled Olympiad"]
[Site "Bled SLO"]
[Date "2002.11.02"]
[EventDate "2002.10.26"]
[Round "8"]
[Result "1-0"]
[White "Ioannis Papaioannou"]
[Black "Nikola Mitkov"]
[WhiteElo "2587"]
[BlackElo "2529"]
[PlyCount "173"]

1. d4 Nf6 2. Nf3 d5 3. Bf4 c6 4. e3 Qb6 5. b3 Bf5 6. Bd3 Bxd3
7. Qxd3 e6 8. O-O Be7 9. c4 Qa6 10. Nc3 O-O 11. Rfd1 Nbd7
12. h3 h6 13. a4 Rfd8 14. Bc7 Rdc8 15. Bh2 Bb4 16. Na2 Bf8
17. Nc3 Bb4 18. Ne5 Rd8 19. Nxd7 Rxd7 20. Be5 Ne8 21. Na2 Be7
22. Rac1 Rad8 23. c5 Qxd3 24. Rxd3 a5 25. b4 axb4 26. Rb3 f6
27. Bg3 Nc7 28. Rxb4 Na6 29. Rb2 Ra8 30. Rcb1 Ra7 31. Nc1 Kf7
32. Nd3 h5 33. Kf1 Bf8 34. Ke2 g6 35. f3 Bh6 36. Nb4 Nc7
37. Nd3 Na6 38. Kf2 Bg7 39. h4 Bh6 40. Bd6 Bf8 41. Bf4 Bg7
42. g4 hxg4 43. fxg4 Re7 44. Bd6 Rd7 45. g5 Kg8 46. Kg3 Rf7
47. gxf6 Bxf6 48. Kg4 Rh7 49. Bg3 Bd8 50. Nf4 e5 51. Nxg6 exd4
52. exd4 Nc7 53. Rxb7 Rxa4 54. Be5 Ne6 55. R7b4 Ra2 56. Rb8
Rg2+ 57. Bg3 Kg7 58. Nf4 Rxh4+ 59. Kf3 Rxg3+ 60. Kxg3 Rxf4
61. Rxd8 Rxd4 62. Rd7+ Kf6 63. Rd6 Ke5 64. Rxc6 Ng5 65. Rc8
Ne4+ 66. Kg2 Rd2+ 67. Kg1 Rc2 68. Re1 Kd4 69. c6 Kc5 70. Rd8
Nd2 71. Re6 Kd4 72. Rd7 Nf3+ 73. Kf1 Ne5 74. Rdd6 Nc4 75. Rd8
Na5 76. Rc8 Kd3 77. c7 Nc4 78. Kg1 Nd2 79. Rf6 Ne4 80. Rg6 d4
81. Rg7 Ke3 82. Re8 Rc1+ 83. Kg2 Rc2+ 84. Kh3 d3 85. Rge7 d2
86. Rxe4+ Kf2 87. Rf8+ 1-0

[Event "Bled Olympiad"]
[Site "Bled SLO"]
[Date "2002.11.02"]
[EventDate "2002.10.26"]
[Round "8"]
[Result "0-1"]
[White "Dejan Stojanovski"]
[Black "Angelos Vouldis"]
[WhiteElo "2431"]
[BlackElo "2526"]
[PlyCount "54"]

1. e4 c5 2. Nf3 d6 3. d4 cxd4 4. Nxd4 Nf6 5. Nc3 a6 6. Be3 e6
7. f3 Be7 8. Qd2 Nc6 9. g4 O-O 10. O-O-O Nxd4 11. Bxd4 b5
12. a3 Nd7 13. h4 Ne5 14. Qf2 Nc6 15. Be3 Rb8 16. g5 Qa5
17. Bd2 b4 18. Na2 d5 19. exd5 exd5 20. Bd3 Be6 21. Nxb4 Nxb4
22. Bxb4 Bxb4 23. axb4 Rxb4 24. f4 Rc8 25. Qe1 Qa1+ 26. Kd2
Qxb2 27. Qe3 Qc3+ 0-1

[Event "Bled Olympiad"]
[Site "Bled SLO"]
[Date "2002.11.02"]
[EventDate "2002.10.26"]
[Round "8"]
[Result "1/2-1/2"]
[White "Ioannis Nikolaidis"]
[Black "Zvonko Stanojoski"]
[WhiteElo "2495"]
[BlackElo "2482"]
[PlyCount "50"]

1. d4 d5 2. c4 e6 3. Nf3 c6 4. Nbd2 Nf6 5. b3 Bb4 6. Bb2 Ne4
7. a3 Bxd2+ 8. Nxd2 Nxd2 9. Qxd2 O-O 10. e3 Nd7 11. Be2 f5
12. O-O Nf6 13. f3 Bd7 14. a4 Be8 15. Ba3 Rf7 16. Bd3 Rd7
17. Kh1 Bg6 18. Qf2 Qc7 19. Rae1 Rf7 20. Qc2 Qd7 21. Re2 Ne4
22. Qc1 Nd6 23. Qe1 Re8 24. Qh4 Rf6 25. Qf4 Nf7 1/2-1/2

[Event "Bled Olympiad"]
[Site "Bled SLO"]
[Date "2002.11.02"]
[EventDate "2002.10.26"]
[Round "8"]
[Result "1-0"]
[White "Tapani Sammalvuo"]
[Black "Siegfried Baumegger"]
[WhiteElo "2437"]
[BlackElo "2359"]
[PlyCount "77"]

1. e4 c5 2. Nf3 e6 3. d3 Nc6 4. g3 g6 5. Bg2 Bg7 6. O-O Nge7
7. c3 O-O 8. Be3 b6 9. d4 Ba6 10. Re1 d6 11. Nbd2 cxd4
12. cxd4 Rc8 13. Qa4 Bb7 14. h4 Rc7 15. Qa3 Re8 16. Rac1 Bf8
17. Qd3 Qc8 18. Qb1 Rd8 19. h5 Bg7 20. Bh3 Qb8 21. a3 Bc8
22. Bg2 Bb7 23. Qd3 Rdc8 24. Nf1 Qa8 25. N1h2 Nd8 26. Rxc7
Rxc7 27. Bf4 Rd7 28. Bh3 f5 29. exf5 gxf5 30. Ng5 Bd5 31. h6
Bf6 32. Bxf5 Nxf5 33. Qxf5 Bxd4 34. Qg4 Kh8 35. Bxd6 Nc6
36. Rd1 Bf6 37. Rxd5 Bxg5 38. Qxe6 Qd8 39. Be5+ 1-0

[Event "Bled Olympiad"]
[Site "Bled SLO"]
[Date "2002.11.02"]
[EventDate "2002.10.26"]
[Round "8"]
[Result "1/2-1/2"]
[White "Georg Danner"]
[Black "Mika Karttunen"]
[WhiteElo "2370"]
[BlackElo "2413"]
[PlyCount "47"]

1. d4 Nf6 2. Nf3 e6 3. e3 b6 4. Bd3 Bb7 5. O-O Be7 6. c4 d5
7. Nc3 O-O 8. b3 c5 9. Bb2 cxd4 10. exd4 Nc6 11. Re1 Rc8
12. cxd5 Nxd5 13. Nxd5 Qxd5 14. Be4 Qd7 15. d5 exd5 16. Qxd5
Qxd5 17. Bxd5 Bc5 18. a3 Rfd8 19. Rad1 Na5 20. Bxb7 Nxb7
21. Kf1 f6 22. Rxd8+ Rxd8 23. b4 Bf8 24. Rc1 1/2-1/2

[Event "Bled Olympiad"]
[Site "Bled SLO"]
[Date "2002.11.02"]
[EventDate "2002.10.26"]
[Round "8"]
[Result "1-0"]
[White "Franz Hoelzl"]
[Black "Aleksei Holmsten"]
[WhiteElo "2372"]
[BlackElo "2410"]
[PlyCount "57"]

1. Nf3 Nf6 2. c4 g6 3. Nc3 d5 4. cxd5 Nxd5 5. Qa4+ c6 6. e4
Nb6 7. Qc2 Bg7 8. d4 O-O 9. Be3 Bg4 10. Ne5 Be6 11. Rd1 N8d7
12. Be2 Nxe5 13. dxe5 Qc7 14. f4 Nc4 15. Bxc4 Bxc4 16. Rd4 Be6
17. O-O f6 18. exf6 exf6 19. Rfd1 Rfe8 20. Qf2 b6 21. f5 gxf5
22. exf5 Bxf5 23. Qxf5 Rxe3 24. Ne4 Qe7 25. Kf2 Bh6 26. Nxf6+
Kh8 27. Rd8+ Rxd8 28. Rxd8+ Kg7 29. Nh5+ 1-0

[Event "Bled Olympiad"]
[Site "Bled SLO"]
[Date "2002.11.02"]
[EventDate "2002.10.26"]
[Round "8"]
[Result "1/2-1/2"]
[White "Carlos Matamoros Franco"]
[Black "Evgenij Agrest"]
[WhiteElo "2459"]
[BlackElo "2607"]
[PlyCount "70"]

1. c4 e5 2. g3 d6 3. Bg2 f5 4. d4 Be7 5. Nc3 c6 6. d5 Nf6
7. Nf3 O-O 8. O-O Kh8 9. b3 Na6 10. Bb2 Qe8 11. e3 Rb8 12. Ne1
Bd7 13. Nd3 Qg6 14. Qe2 Qh6 15. dxc6 bxc6 16. Rad1 e4 17. Nc1
Ng4 18. h3 Ne5 19. Na4 Bc8 20. c5 Nb4 21. cxd6 Bxd6 22. Qd2
Nd5 23. Bxe5 Bxe5 24. Ne2 Ba6 25. Rfe1 Qd6 26. Qa5 Bd3 27. Rc1
Nb4 28. Nec3 a6 29. Red1 Qe7 30. a3 Nc2 31. b4 Nxa3 32. Nc5
Nc4 33. Qa2 Bxc3 34. Nxd3 Be5 35. Qxa6 Rxb4 1/2-1/2

[Event "Bled Olympiad"]
[Site "Bled SLO"]
[Date "2002.11.02"]
[EventDate "2002.10.26"]
[Round "8"]
[Result "1-0"]
[White "Stellan Brynell"]
[Black "Alberto Santos Flores"]
[WhiteElo "2524"]
[BlackElo "2364"]
[PlyCount "85"]

1. e4 e6 2. d3 c5 3. g3 Nc6 4. Bg2 g6 5. Nc3 Bg7 6. Be3 d6
7. Qd2 h5 8. h3 Nge7 9. f4 b6 10. Nf3 d5 11. exd5 exd5 12. Bf2
d4 13. Ne4 Bb7 14. O-O Qd7 15. a3 Nd5 16. Rab1 a5 17. c4 Nde7
18. Nh4 O-O 19. Be1 f5 20. Ng5 Bf6 21. Nhf3 Rfe8 22. Qf2 a4
23. Bd2 Nc8 24. Rfe1 Nd6 25. Nh4 Kg7 26. Bd5 Bxg5 27. fxg5 Ne5
28. Qf1 Bxd5 29. cxd5 Qf7 30. b3 Qxd5 31. bxa4 Rxa4 32. Rxb6
Rxa3 33. Bf4 Ra2 34. Re2 Rxe2 35. Qxe2 Nef7 36. Qf3 Qa2
37. Ng2 Re6 38. Rc6 Qa1+ 39. Kh2 Qa2 40. Rxc5 Re2 41. Rc7 Nb5
42. Rd7 Rf2 43. Qc6 1-0

[Event "Bled Olympiad"]
[Site "Bled SLO"]
[Date "2002.11.02"]
[EventDate "2002.10.26"]
[Round "8"]
[Result "0-1"]
[White "Miguel Munoz Sanchez"]
[Black "Emanuel Berg"]
[WhiteElo "2305"]
[BlackElo "2535"]
[PlyCount "146"]

1. e4 e6 2. d4 d5 3. Nd2 Nf6 4. e5 Nfd7 5. Bd3 c5 6. c3 Nc6
7. Ne2 cxd4 8. cxd4 f6 9. exf6 Nxf6 10. O-O Bd6 11. Nf3 Qc7
12. g3 O-O 13. Bf4 Ng4 14. Qd2 e5 15. dxe5 Ngxe5 16. Nxe5 Nxe5
17. Bxe5 Bxe5 18. Nc3 Bh3 19. Nxd5 Qd6 20. Rfe1 Kh8 21. Be4
Rad8 22. Rad1 Bg4 23. Rc1 Be6 24. Rcd1 Bg4 25. Rc1 Be6
26. Rcd1 Bxd5 27. Bxd5 Qf6 28. f4 Bxb2 29. Re6 Qf5 30. Qxb2
Rxd5 31. Rde1 Rd7 32. Re8 Qc5+ 33. Qf2 Qxf2+ 34. Kxf2 Kg8
35. Rxf8+ Kxf8 36. Re2 Rd3 37. Rb2 b6 38. Rc2 Ra3 39. Re2 Kf7
40. Kg2 Kf6 41. Kh3 Kf5 42. Re5+ Kf6 43. Re2 b5 44. Kg4 g6
45. Rc2 a6 46. Re2 b4 47. Kh4 Kf5 48. Re5+ Kf6 49. Re2 h6
50. Kg4 a5 51. h3 Rc3 52. Re5 Ra3 53. Re2 Kf7 54. Kh4 Kg7
55. Kg4 Kf6 56. Kh4 Kf5 57. Re5+ Kf6 58. Re2 Rc3 59. Re5 Ra3
60. Re2 Rc3 61. Re5 g5+ 62. Kg4 h5+ 63. Kxh5 Rxg3 64. Rxa5
gxf4 65. Kh4 Rg8 66. Rb5 f3 67. Rxb4 Kf5 68. Rb7 Ke4 69. Kh5
f2 70. Rf7 Ke3 71. h4 Rg3 72. Rf8 Rf3 73. Re8+ Kf4 0-1

[Event "Bled Olympiad"]
[Site "Bled SLO"]
[Date "2002.11.02"]
[EventDate "2002.10.26"]
[Round "8"]
[Result "1/2-1/2"]
[White "Kaido Kulaots"]
[Black "Anh Dung Nguyen"]
[WhiteElo "2542"]
[BlackElo "2540"]
[PlyCount "85"]

1. e4 c6 2. d4 d5 3. Nd2 dxe4 4. Nxe4 Bf5 5. Ng3 Bg6 6. h4 h6
7. Nf3 Nd7 8. h5 Bh7 9. Bd3 Bxd3 10. Qxd3 e6 11. Bf4 Qa5+
12. Bd2 Qc7 13. O-O-O Ngf6 14. Ne4 O-O-O 15. Kb1 c5 16. Nxf6
Nxf6 17. Qc4 Bd6 18. Qa4 a6 19. Ba5 b6 20. Bc3 Kb7 21. dxc5
Bxc5 22. Bxf6 gxf6 23. Qe4+ Ka7 24. Rxd8 Rxd8 25. Qh7 Bf8
26. c3 b5 27. Nd4 Kb6 28. Qe4 Bc5 29. Qf3 f5 30. Nb3 Qe5
31. Kc2 Qe4+ 32. Qxe4 fxe4 33. Nxc5 Kxc5 34. Re1 f5 35. g3 Rd3
36. Re3 Rd8 37. Re1 a5 38. Rd1 Rg8 39. Kd2 Rg5 40. Rh1 Rg7
41. Rd1 Rg5 42. Rh1 Rg7 43. Rd1 1/2-1/2

[Event "Bled Olympiad"]
[Site "Bled SLO"]
[Date "2002.11.02"]
[EventDate "2002.10.26"]
[Round "8"]
[Result "1/2-1/2"]
[White "Vinh Bui"]
[Black "Mikhail Rytshagov"]
[WhiteElo "2459"]
[BlackElo "2503"]
[PlyCount "42"]

1. c4 e5 2. Nc3 Nf6 3. Nf3 Nc6 4. g3 d5 5. cxd5 Nxd5 6. Bg2
Nb6 7. O-O Be7 8. a3 Be6 9. b4 Nd4 10. Rb1 Nxf3+ 11. Bxf3 c6
12. b5 Rc8 13. bxc6 bxc6 14. d3 O-O 15. Bb2 f6 16. a4 Nd5
17. d4 Nxc3 18. Bxc3 exd4 19. Qxd4 Qxd4 20. Bxd4 c5 21. Bc3
Rb8 1/2-1/2

[Event "Bled Olympiad"]
[Site "Bled SLO"]
[Date "2002.11.02"]
[EventDate "2002.10.26"]
[Round "8"]
[Result "1-0"]
[White "Meelis Kanep"]
[Black "Thanh Son Nguyen"]
[WhiteElo "2389"]
[BlackElo "2450"]
[PlyCount "93"]

1. d4 d5 2. c4 c6 3. Nf3 Nf6 4. e3 a6 5. Nbd2 e6 6. Bd3 dxc4
7. Nxc4 c5 8. O-O Be7 9. dxc5 Bxc5 10. a4 Nc6 11. Qe2 Qe7
12. Nfe5 Nxe5 13. Nxe5 O-O 14. b3 Nd7 15. Bb2 Nxe5 16. Bxe5
Bd7 17. Rac1 Rfc8 18. Qf3 Bd6 19. Bxd6 Qxd6 20. Qxb7 Bc6
21. Rxc6 Qxc6 22. Qxc6 Rxc6 23. Be4 Rac8 24. Bxc6 Rxc6 25. b4
Kf8 26. Rb1 Ke7 27. g4 Rc4 28. h3 h5 29. gxh5 Rh4 30. b5 axb5
31. axb5 Rxh5 32. b6 Rh8 33. Rc1 Kd6 34. Rc7 Rf8 35. Kg2 g6
36. Kg3 Rb8 37. Rxf7 Rxb6 38. Rg7 Rb1 39. Kg2 Ke5 40. Rxg6 Kf5
41. Rg8 Rc1 42. h4 Kf6 43. Rg3 Rc4 44. h5 Rc7 45. h6 Rh7
46. Rh3 Kg5 47. Kf3 1-0

[Event "Bled Olympiad"]
[Site "Bled SLO"]
[Date "2002.11.02"]
[EventDate "2002.10.26"]
[Round "8"]
[Result "1/2-1/2"]
[White "Rui Damaso"]
[Black "Buenaventura Bong Villamayor"]
[WhiteElo "2427"]
[BlackElo "2503"]
[PlyCount "71"]

1. e4 e6 2. d4 d5 3. exd5 exd5 4. Nf3 Bd6 5. c4 c6 6. Nc3 Ne7
7. Bd3 O-O 8. O-O dxc4 9. Bxc4 Nd7 10. Bg5 Nb6 11. Bb3 Kh8
12. Bxe7 Bxe7 13. Ne5 Kg8 14. Re1 Bf6 15. Qf3 Be6 16. Bxe6
fxe6 17. Qg4 Qe7 18. Re2 Rae8 19. Rae1 Na8 20. Nf3 Nc7 21. Ne4
Qd8 22. Nc5 Qc8 23. h3 h6 24. g3 Re7 25. Kg2 Rd8 26. h4 Rd5
27. Ne4 Qf8 28. Nc3 Rd8 29. Ne5 Bxe5 30. Rxe5 Red7 31. R5e4
Qf6 32. Rf4 Qe7 33. Re5 Rf8 34. Rxf8+ Qxf8 35. Ne4 Rd5
36. Rxd5 1/2-1/2

[Event "Bled Olympiad"]
[Site "Bled SLO"]
[Date "2002.11.02"]
[EventDate "2002.10.26"]
[Round "8"]
[Result "0-1"]
[White "Petronio Roca"]
[Black "Diogo Fernando"]
[WhiteElo "2423"]
[BlackElo "2408"]
[PlyCount "116"]

1. d4 Nf6 2. c4 e6 3. Nf3 b6 4. g3 Ba6 5. b3 Bb7 6. Bg2 Bb4+
7. Bd2 a5 8. O-O O-O 9. Nc3 d6 10. a3 Bxc3 11. Bxc3 Nbd7
12. d5 exd5 13. Nh4 Ne4 14. Bb2 dxc4 15. bxc4 f5 16. Qd4 Qe7
17. f3 Ng5 18. Qd3 Nc5 19. Qc2 Qd7 20. Bc1 h6 21. Ng6 Rf6
22. Nf4 Re8 23. h4 Nge6 24. Bh3 Nxf4 25. gxf4 Qe7 26. Rf2 Rg6+
27. Bg2 Rf8 28. h5 Rg3 29. Kf1 Qh4 30. Be3 Qxh5 31. Rd1 Bc6
32. Qc3 Re8 33. Ke1 Qg6 34. Bf1 Qf7 35. Rh2 Rg6 36. Bd4 Kh7
37. Kf2 Ne6 38. Be3 Kg8 39. Bh3 Qf6 40. Qxf6 Rxf6 41. Rg1 Kf8
42. Bd2 Nd4 43. Be3 Nb3 44. Rhg2 Re7 45. Rg6 Rxg6 46. Rxg6 Be8
47. Rg1 g6 48. Rb1 a4 49. Rb2 Bf7 50. Rc2 c5 51. Bf1 Na5
52. Bc1 Bxc4 53. Bb2 d5 54. Be5 Bb3 55. Rd2 Nc4 56. Rxd5 Nxe5
57. Rxe5 Rxe5 58. fxe5 b5 0-1

[Event "Bled Olympiad"]
[Site "Bled SLO"]
[Date "2002.11.02"]
[EventDate "2002.10.26"]
[Round "8"]
[Result "0-1"]
[White "Sergio Rocha"]
[Black "Nelson Mariano"]
[WhiteElo "2390"]
[BlackElo "2408"]
[PlyCount "64"]

1. e4 d5 2. exd5 Qxd5 3. Nc3 Qa5 4. d4 Nf6 5. Bc4 Bg4 6. f3
Bf5 7. g4 Bg6 8. Bd2 c6 9. f4 e6 10. Qe2 Be7 11. d5 b5
12. Nxb5 Qb6 13. f5 cxd5 14. fxg6 dxc4 15. gxf7+ Kf8 16. Qxc4
Qb7 17. Nc7 Qxh1 18. Nxe6+ Kxf7 19. Ng5+ Ke8 20. Qc8+ Bd8
21. O-O-O Qd5 22. Ne6 Kf7 23. Nf3 Nbd7 24. Nfg5+ Kg8 25. Qa6
Bb6 26. Bf4 Qc6 27. Qa3 Rc8 28. c3 Nc5 29. Rd6 Qa4 30. Qxa4
Nxa4 31. Nxg7 Kxg7 32. Be5 Be3+ 0-1

[Event "Bled Olympiad"]
[Site "Bled SLO"]
[Date "2002.11.02"]
[EventDate "2002.10.26"]
[Round "8"]
[Result "0-1"]
[White "Johann Carlos Alvarez Marquez"]
[Black "Jonathan Rowson"]
[WhiteElo "2382"]
[BlackElo "2547"]
[PlyCount "112"]

1. d4 Nf6 2. c4 e6 3. Nc3 Bb4 4. e3 c5 5. Bd3 Nc6 6. Nge2 cxd4
7. exd4 d5 8. cxd5 Qxd5 9. O-O Qh5 10. Be3 O-O 11. Nf4 Qxd1
12. Rfxd1 Ne7 13. Bc4 Nf5 14. Nd3 Bd6 15. Bf4 Bxf4 16. Nxf4
Rd8 17. d5 e5 18. Nd3 e4 19. Nb4 Nd6 20. Be2 Bg4 21. f3 exf3
22. gxf3 Bf5 23. Rac1 Rac8 24. Nc2 Bxc2 25. Rxc2 Kf8 26. Kf2
Re8 27. Rcd2 Re5 28. Rd4 Rce8 29. Bd3 Rh5 30. h4 Ree5 31. f4
Re8 32. Nb5 Nxb5 33. Bxb5 Re4 34. Bc4 Rxh4 35. Rxe4 Nxe4+
36. Kf3 Nd6 37. Bb3 Rh2 38. Rc1 Ke7 39. Ba4 Kd8 40. Rc2 Rxc2
41. Bxc2 Ke7 42. Ke3 f5 43. Kd4 b6 44. Ke5 Nc4+ 45. Kd4 Nd6
46. Ke5 g6 47. b4 Nf7+ 48. Kd4 h5 49. Bd3 h4 50. Bf1 Kd6
51. Bh3 Nh6 52. a3 Ng4 53. Bg2 Nf6 54. Kc4 h3 55. Bf3 a6
56. Kd4 h2 0-1

[Event "Bled Olympiad"]
[Site "Bled SLO"]
[Date "2002.11.02"]
[EventDate "2002.10.26"]
[Round "8"]
[Result "1-0"]
[White "Paul Motwani"]
[Black "Juan Armando Rohl Montes"]
[WhiteElo "2525"]
[BlackElo "2379"]
[PlyCount "124"]

1. d4 Nf6 2. c4 g6 3. Nc3 Bg7 4. e4 O-O 5. h3 d6 6. Bg5 c5
7. d5 b5 8. cxb5 a6 9. a4 Qa5 10. Bd2 Qb4 11. Bd3 c4 12. Bc2
Nbd7 13. Nge2 Qxb2 14. O-O Ne8 15. Rb1 Qa3 16. Bc1 Qc5 17. Be3
Qc7 18. b6 Qb7 19. a5 Ne5 20. f4 Nd3 21. Bxd3 cxd3 22. Qxd3
Bd7 23. Bd4 Nf6 24. g4 Rfc8 25. Ng3 e6 26. g5 Ne8 27. Bxg7
Nxg7 28. dxe6 Bxe6 29. Nd5 Rc5 30. Rfc1 Rac8 31. Rxc5 dxc5
32. Nf6+ Kh8 33. f5 gxf5 34. exf5 c4 35. Qc3 Bd5 36. Nfh5 f6
37. Qxf6 c3 38. Rc1 c2 39. Nxg7 Qxg7 40. Qxg7+ Kxg7 41. Kf2
Rc3 42. Ne2 Rc4 43. Ke3 Re4+ 44. Kd3 Ra4 45. Nd4 Ra3+ 46. Kxc2
Rxa5 47. Kd3 Kf8 48. Rc8+ Ke7 49. b7 Ra3+ 50. Kc2 Bxb7
51. Rc7+ Kd6 52. Rxb7 Rxh3 53. f6 Kd5 54. Rd7+ Ke5 55. Nc6+
Ke6 56. Re7+ Kd6 57. Nd4 Rh2+ 58. Kd3 Rf2 59. Rxh7 a5 60. g6
Rxf6 61. g7 Rg6 62. Rh6 Kd5 1-0

[Event "Bled Olympiad"]
[Site "Bled SLO"]
[Date "2002.11.02"]
[EventDate "2002.10.26"]
[Round "8"]
[Result "1/2-1/2"]
[White "Rafael Prasca Sosa"]
[Black "John K Shaw"]
[WhiteElo "2352"]
[BlackElo "2484"]
[PlyCount "143"]

1. e4 c5 2. Nf3 Nc6 3. c3 e6 4. d4 d5 5. exd5 exd5 6. Bb5 Bd6
7. dxc5 Bxc5 8. O-O Nge7 9. Nbd2 O-O 10. Nb3 Bb6 11. h3 Qd6
12. Nbd4 Nxd4 13. Nxd4 Nf5 14. Nxf5 Bxf5 15. Bd3 Qg6 16. Bxf5
Qxf5 17. Be3 Bxe3 18. fxe3 Qg5 19. Qd3 Rfe8 20. Rf4 Rad8
21. Raf1 f6 22. R1f3 Qg6 23. Qxg6 hxg6 24. Rg4 g5 25. Rb4 Rd7
26. Rd4 Re4 27. Kf2 Kf7 28. Rf5 Re5 29. Rxe5 fxe5 30. Ra4 b6
31. e4 dxe4 32. Ke2 Ke6 33. Rxe4 Kf5 34. Rc4 Ke6 35. a4 Kf5
36. Ke3 Rd1 37. g4+ Ke6 38. Rc7 Rh1 39. Rxg7 Rxh3+ 40. Ke4 Kf6
41. Rxa7 Rg3 42. Ra6 Rxg4+ 43. Kd5 Kf5 44. Ra8 Rg2 45. Rf8+
Kg4 46. b4 Ra2 47. Kxe5 Rxa4 48. Rf6 b5 49. Kd4 Ra8 50. Rb6
Rd8+ 51. Ke3 Re8+ 52. Kd3 Rd8+ 53. Ke4 Re8+ 54. Kd4 Rd8+
55. Ke5 Re8+ 56. Kf6 Rc8 57. Rxb5 Rc6+ 58. Ke5 Rxc3 59. Rc5
Rb3 60. Rc4+ Kh5 61. Kf5 Rf3+ 62. Ke5 g4 63. Kd5 g3 64. Rc1 g2
65. Rg1 Rf2 66. b5 Kg4 67. b6 Kg3 68. b7 Rb2 69. Kc6 Kh2
70. Rxg2+ Kxg2 71. Kc7 Rxb7+ 72. Kxb7 1/2-1/2

[Event "Bled Olympiad"]
[Site "Bled SLO"]
[Date "2002.11.02"]
[EventDate "2002.10.26"]
[Round "8"]
[Result "1-0"]
[White "Stefan Kristjansson"]
[Black "Rashid Khouseinov"]
[WhiteElo "2431"]
[BlackElo "2331"]
[PlyCount "93"]

1. e4 e5 2. Nf3 Qe7 3. Nc3 c6 4. d4 d6 5. Be2 g6 6. a4 Nh6
7. h3 f6 8. Be3 Nf7 9. a5 Bg7 10. b4 O-O 11. d5 f5 12. a6 fxe4
13. Nd2 bxa6 14. Ndxe4 cxd5 15. Nxd5 Qd8 16. Bc4 Kh8 17. O-O
Bf5 18. f3 Be6 19. Qd3 a5 20. Ra2 a4 21. Rxa4 Nc6 22. c3 Nd4
23. Bf2 Nf5 24. Ra5 Ng5 25. Rxa7 Rxa7 26. Bxa7 Nh4 27. Bb6 Qb8
28. Nxg5 Bxd5 29. Qxd5 Qxb6+ 30. Kh1 h5 31. Ne4 Nf5 32. Qe6
Kh7 33. g4 hxg4 34. hxg4 Ne3 35. Rf2 Qa7 36. Ra2 Qc7 37. Rh2+
Bh6 38. g5 Nf5 39. gxh6 Qa7 40. Rg2 Nh4 41. Ra2 Qc7 42. Ng5+
Kxh6 43. Rh2 Rf4 44. Nf7+ Kh7 45. Nxd6 Qa7 46. Qg8+ Kh6
47. Nf7+ 1-0

[Event "Bled Olympiad"]
[Site "Bled SLO"]
[Date "2002.11.02"]
[EventDate "2002.10.26"]
[Round "8"]
[Result "1-0"]
[White "Jamshed Isaev"]
[Black "Throstur Thorhallsson"]
[WhiteElo "2440"]
[BlackElo "2443"]
[PlyCount "65"]

1. e4 e6 2. d4 d5 3. Nc3 Nf6 4. Bg5 dxe4 5. Nxe4 Be7 6. Bxf6
gxf6 7. Nf3 b6 8. Bc4 Bb7 9. Qe2 c6 10. O-O-O Qc7 11. Rhe1 Nd7
12. Kb1 O-O-O 13. Ba6 Rhe8 14. Bxb7+ Kxb7 15. Qe3 Bf8 16. c4
h6 17. Nc3 Qb8 18. Qe4 f5 19. Qc2 Qf4 20. d5 cxd5 21. cxd5 Bc5
22. a3 a5 23. Qb3 e5 24. d6 e4 25. Qxf7 Kb8 26. Nb5 Rf8
27. Qd5 Nf6 28. Qc4 Rd7 29. Nfd4 Rc8 30. Rc1 Qxf2 31. Re2 Qf4
32. b4 Kb7 33. Ne6 1-0

[Event "Bled Olympiad"]
[Site "Bled SLO"]
[Date "2002.11.02"]
[EventDate "2002.10.26"]
[Round "8"]
[Result "0-1"]
[White "Helgi Olafsson"]
[Black "Farrukh Amonatov"]
[WhiteElo "2476"]
[BlackElo "2518"]
[PlyCount "86"]

1. d4 d5 2. c4 c6 3. Nf3 Nf6 4. Nc3 dxc4 5. a4 Bf5 6. e3 e6
7. Bxc4 Bb4 8. O-O O-O 9. Qe2 Bg6 10. Ne5 Nbd7 11. Nxg6 hxg6
12. Rd1 Qa5 13. Qc2 Rad8 14. Bd2 c5 15. dxc5 Nxc5 16. Be1 Rxd1
17. Qxd1 Nfe4 18. Qc2 Bxc3 19. bxc3 a6 20. Be2 b5 21. f3 Nf6
22. c4 b4 23. Qb1 Rb8 24. Ra2 Qc7 25. a5 b3 26. Rb2 Qe5
27. Qc1 Na4 28. Rb1 b2 29. Qd2 Rb3 30. Qd4 Qxe3+ 31. Qxe3 Rxe3
32. Kf2 Ra3 33. Bb4 Rb3 34. Bd2 Nd7 35. Ke1 Ne5 36. f4 Nd3+
37. Kd1 Ndc5 38. Kc2 Kf8 39. Bf3 Ke7 40. Bc6 Rb8 41. Be3 Rb4
42. Bxa4 Nxa4 43. Bd4 Rxc4+ 0-1

[Event "Bled Olympiad"]
[Site "Bled SLO"]
[Date "2002.11.02"]
[EventDate "2002.10.26"]
[Round "8"]
[Result "1/2-1/2"]
[White "Vasilios Kotronias"]
[Black "Vladimir Magai"]
[WhiteElo "2561"]
[BlackElo "2531"]
[PlyCount "145"]

1. e4 e5 2. Nf3 Nc6 3. Bb5 a6 4. Ba4 Nf6 5. O-O b5 6. Bb3 Bc5
7. a4 Rb8 8. c3 d6 9. d4 Bb6 10. Na3 O-O 11. axb5 axb5
12. Nxb5 exd4 13. cxd4 Bg4 14. Ra3 d5 15. exd5 Nxd5 16. h3 Bh5
17. g4 Bg6 18. Bg5 f6 19. Bf4 Bf7 20. Bg3 Re8 21. Nc3 Na5
22. Ba2 Nxc3 23. Bxf7+ Kxf7 24. Rxc3 Kg8 25. Qd3 Qd5 26. Qf5
Qxf5 27. gxf5 Nb7 28. Rfc1 Nd6 29. Bxd6 cxd6 30. Rc6 Ba5
31. Rxd6 Rxb2 32. Rd5 Bb4 33. Rb5 Ba3 34. Rxb2 Bxb2 35. Rc2
Ba3 36. Rc3 Bf8 37. d5 Rd8 38. Rd3 Bb4 39. Nh2 g6 40. Ng4 Kf7
41. fxg6+ hxg6 42. Kg2 Bc5 43. Kf3 f5 44. Ne5+ Kf6 45. Nc4 g5
46. Kg3 Rc8 47. f4 gxf4+ 48. Kxf4 Bg1 49. Nd2 Bh2+ 50. Ke3 Bd6
51. Nf3 Rc4 52. Rb3 Re4+ 53. Kf2 Bc5+ 54. Kf1 Rc4 55. Rd3 Bd6
56. Re3 Re4 57. Rc3 Ke7 58. h4 Bf4 59. Rc6 Ra4 60. Re6+ Kf7
61. Ng5+ Bxg5 62. hxg5 Rd4 63. Rf6+ Ke7 64. Re6+ Kf7 65. g6+
Kg7 66. d6 f4 67. Ke2 Kh6 68. Kf3 Kg7 69. Kg4 Kh6 70. Kh4 f3+
71. Kg3 Rd3 72. Kf2 Kg7 73. Kg3 1/2-1/2